000 00935cab a22002055 4500
001 L147108
008 090401e20090327xxk f 000 0 eng u
035 _a(Sirsi) u147108
041 0 _aeng
100 1 _aBenge, David
245 0 0 _aCost management
_bthe new rules
260 _c2009
490 0 _aBuilding
_v273 (8572) 27 March 2009, 63 (1)
520 _aPresents the RICS New Rules of Measurement: order of cost estimating and elemental cost planning, a new instrument for calculating costs of a construction project. In addition to guidance for costs estimating and cost planning, they include advice on how to deal with preliminaries, overheads and profit, risk allowances and inflation. Explains the benefits of these new rules. They will be effective from 1 May 2009.
590 _aKA
650 2 4 _aRICS NEW RULES OF MEASUREMENT
651 4 _aUnited Kingdom
_y
690 _aBUILT ENVIRONMENT-BUILDING COSTS
942 _n0
999 _c81385
_d81385